Statystyki dla Państwa monarchiczne

Kliknij tutaj aby rozwiązać quiz!

Ogólne statystyki

  • Ten quiz został rozwiązany 39 razy
  • Średni wynik to 28 z 45

Statystyki odpowiedzi

odpowiedź% Poprawnych
43wielka brytania
100%
15hiszpania
92%
30norwegia
92%
16holandia
88%
38szwecja
88%
8belgia
85%
12dania
85%
18japonia
85%
4Arabia Saudyjska
81%
5australia
81%
26luksemburg
81%
31nowa zelandia
77%
21kanada
73%
42watykan
73%
2andora
69%
22katar
69%
25Liechtenstein
69%
28maroko
69%
29monako
69%
32oman
69%
45zjednoczone emiraty arabskie
69%
23kuwejt
65%
11brunei
62%
6bahrajn
58%
27malezja
58%
37samoa
54%
41tuvalu
54%
10bhutan
50%
17jamajka
50%
39tajlandia
50%
13eswatini
46%
19jordania
46%
24lesotho
46%
34Saint Kitts i Nevis
46%
36Saint Vincent i Grenadyny
46%
40tonga
46%
3Antigua i Barbuda
42%
20kambodza
42%
35saint lucia
42%
7bahamy
38%
44wyspy salomona
38%
1afganistan
35%
14grenada
35%
9belize
31%
33papua nowa gwinea
27%

Rozkład punktacji

Percentyl według liczby udzielonych odpowiedzi

Procent ludzi z każdym wynikiem

Twoja historia wyników

Nie rozwiązałeś tego quizu